| 000 | 00353cam a2200145ua 4500 | ||
|---|---|---|---|
| 041 |
_amal _h |
||
| 082 |
_a894.8122 _bCHE/TH |
||
| 100 | _aCherukad, . | ||
| 245 |
_aTharavaditham / _cCherukad. _hTextual Documents |
||
| 260 |
_aThrissur : _bMangalodhayam pvt ltd , _c1959. |
||
| 300 | _a152 ; . | ||
| 504 | _a | ||
| 942 | _cBK | ||
| 999 |
_c11727 _d11727 |
||